| 000 | 00438nam a2200205Ia 4500 | ||
|---|---|---|---|
| 001 | 1723 | ||
| 003 | IVS | ||
| 005 | 20251107154123.0 | ||
| 008 | 211022s9999 xx 000 0 und d | ||
| 020 | _a0500016127 | ||
| 040 | _cIVS | ||
| 082 |
_a745.509581 OLE _b1723 |
||
| 100 | _aOlesen, Asta | ||
| 245 | 0 | _aAfghan Craftmen | |
| 260 | _aLondon | ||
| 260 | _bThames and Hudson | ||
| 260 | _c1994 | ||
| 300 | _a328 | ||
| 942 |
_cBK _2ddc _n0 |
||
| 999 |
_c1477 _d1477 |
||